000 00652nam a22002297a 4500
003 UA-OsUOA
001 27383
007 ta
008 20040625b un ||||| |||| 00| 0 ukr d
090 _a72(035)
_bК78
942 _cBK
040 _aUA-OsUOA
_brus
_cUA-OsUOA
_dUA-OsUOA
245 _aКраткий справочник архитектора
_bСельские здания и сооружения
_cРед. З.Н.Волощенко
300 _a468 с.
_bІлюстрації
955 _a0
041 _arus
080 _a72(035)
260 _aКиев
_bБудівельник
_c1970
044 _aRU
650 7 _2UDC
999 _c313727
_d313727